Random American Flag to Country - Statistics

General Stats
  • This quiz has been taken 7,357 times
    7,023 since last reset
  • The average score is 7 of 8
Answer Stats
Picture Answer % Correct
Brazil
98%
Canada
98%
Jamaica
98%
Mexico
98%
United States
98%
Argentina
97%
Colombia
96%
Cuba
95%
Panama
95%
Uruguay
95%
Venezuela
95%
Chile
94%
Barbados
93%
Peru
91%
Ecuador
90%
Honduras
90%
DominicanRepublic
88%
Trinidad andTobago
87%
Costa Rica
86%
Haiti
85%
Bahamas
84%
Dominica
84%
Guatemala
84%
Nicaragua
83%
St Lucia
83%
Belize
82%
El Salvador
82%
Suriname
82%
Antigua andBarbuda
80%
Guyana
80%
Grenada
78%
Paraguay
78%
St Vincent andthe Grenadines
78%
Bolivia
76%
St Kitts and Nevis
75%
No matching quizzes found
Score Distribution
Percent of People with Each Score
Percentile by Number Answered
Your Score History
You have not taken this quiz since the last reset